| Tag |
First Indicator |
Second Indicator |
Subfields |
| LEADER |
00000cam a2200000 a 4500 |
| 001 |
in00000014991 |
| 005 |
20151007052937.0 |
| 008 |
870811s1987 nyu b 00010 eng |
| 010 |
|
|
|a 87023963
|
| 020 |
|
|
|a 0814774040 :
|c $12.50
|
| 035 |
|
|
|a (OCoLC)16580937
|
| 035 |
|
|
|9 AAA9798AM
|
| 040 |
|
|
|a DLC
|c DLC
|d TXA
|d UtOrBLW
|
| 043 |
|
|
|a n-us---
|
| 049 |
|
|
|a TXAM
|c [A12441853]
|
| 050 |
0 |
0 |
|a UG743
|b .R63 1987
|
| 082 |
0 |
|
|a 358/.1754
|2 19
|
| 100 |
1 |
|
|a Robinson, David Z.,
|d 1927-
|
| 245 |
1 |
4 |
|a The strategic defense initiative :
|b its effect on the economy and arms control /
|c David Z. Robinson.
|
| 264 |
|
1 |
|a New York :
|b New York University Press,
|c 1987.
|
| 300 |
|
|
|a 50 pages ;
|c 22 cm.
|
| 336 |
|
|
|a text
|b txt
|2 rdacontent
|
| 337 |
|
|
|a unmediated
|b n
|2 rdamedia
|
| 338 |
|
|
|a volume
|b nc
|2 rdacarrier
|
| 490 |
1 |
|
|a The Joseph I. Lubin memorial lectures ;
|v no. 4
|
| 504 |
|
|
|a Bibliography: page 50.
|
| 650 |
|
0 |
|a Strategic Defense Initiative
|x Economic aspects.
|
| 650 |
|
0 |
|a Nuclear arms control.
|
| 650 |
2 |
0 |
|a Strategic Defense Initiative
|x Economic aspects.
|
| 830 |
|
0 |
|a Joseph I. Lubin memorial lectures ;
|v no. 4.
|
| 999 |
|
|
|a MARS
|
| 999 |
f |
f |
|s 513b4f0d-a539-3142-9c2a-4a344713d3bd
|i c3b3c4a4-a828-33a1-8036-8f7e510be854
|t 0
|
| 952 |
f |
f |
|p ric
|a Texas A&M University
|b Rellis Campus
|c Joint Library Facility
|d Remote Storage
|t 0
|e UG743 .R63 1987
|h Library of Congress classification
|i unmediated -- volume
|m A14812441853
|
| 998 |
f |
f |
|a UG743 .R63 1987
|t 0
|l Remote Storage
|